000 00291nam a22001337a 4500
008 170802b xxu||||| |||| 00| 0 eng d
020 _a619587038902
041 _aeng
080 _22ND
_a004
100 _a32
101 _aSHK
245 _aCOMPUTER FORENSICS
_cVACCA,J.R
942 _2udc
_cBK
999 _c22480
_d22480